000 00286nam a22001097a 4500
999 _c534105
_d534105
022 _a2521-5078
245 _aEREVNA : Journal of Linguistics and Literature /
260 _aIslamabad :
_bAir University,
300 _c24 cm.
650 _aSocial Sciences - Journals.
_928244
942 _cCR